000 00512nam a2200193Ia 4500
005 20250923144354.0
008 008 250917s9999 xx 000 0 eng d
037 _aTextual
040 _aDSWL
_beng
_cDSWL
041 _aeng
_2eng
084 _aYX;5:8, N50
_qDSWL
245 0 _aMathods of social welfare administration
_cby Nations United
260 _aNew york
_c1950
300 _a299 p.
365 _aINR
_b2.5
925 _g2.5
942 _cTEXL
_hYX;5:8, N50
999 _c1438036
_d1438036